| 000 | 00532nam a22001577a 4500 | ||
|---|---|---|---|
| 999 |
_c534255 _d534255 |
||
| 020 | _qHard Cover. | ||
| 082 | _a620.11 | ||
| 100 | _aMuhammad Fahad Aziz | ||
| 245 |
_aCracking of High Molecular Hydrocarbons by Photo Nanocatalysis / _cMuhammad Fahad Aziz Chishti. |
||
| 260 |
_aIslamabad: _bSCME - NUST, _c2014. |
||
| 300 |
_a72 p. : _bill. ; _c30cm. |
||
| 942 |
_2ddc _cTHE |
||
| 650 |
_aEnergatic Materials Engineering MS-Thesis. _928343 |
||
| 700 |
_aDr. Habib Nasir _916070 |
||